| 000 | 00395nam a2200145Ia 4500 | ||
|---|---|---|---|
| 008 | 230917s9999||||xx |||||||||||||| ||und|| | ||
| 040 |
_e9339 _aMAIN |
||
| 041 | _aEnglish | ||
| 082 | _a301.412094 S35F | ||
| 100 | _aSteiner, Shari | ||
| 245 | 0 | _aFemale factor: A study of women in five Western European societies | |
| 260 |
_aNew York _bG.P. Putnam's _c1977 |
||
| 300 | _a328 p. | ||
| 942 | _cBK | ||
| 999 |
_c216385 _d216385 |
||